00681nam a2200217 a 45000010005000000030009000050080041000140400028000550820017000831000028001002450058001282600053001863000015002394900042002545900032002966500042003286500026003706500038003969420012004349990017004465993CO-ViMGA141112s2004 ck r 000 u spa d aCO-ViMGAbspacCO-ViMGA aR797.25 P3731 aPerea, Rosero Tucidides10aNatación II : bpolo acuático y nado sincronizado aSantafé de Bogotá : bPanAméricana, c1994 a215 p : il aReglamentos deportivos ilustrados, 15 aDatos de inventario : 0547714aNADO SINCRONIZADO - REGLAMENTOS9404114aNATACION - REGLAMENTO14aPOLO ACUATICO - REGLAMENTOS94043 2ddccBK c11369d11369